| 000 -LEADER |
| fixed length control field |
01247nam a22001577a 4500 |
| 008 - FIXED-LENGTH DATA ELEMENTS--GENERAL INFORMATION |
| fixed length control field |
221007b ||||| |||| 00| 0 eng d |
| 100 ## - MAIN ENTRY--PERSONAL NAME |
| Personal name |
Lee, Samuel and Persson, Petra |
| 245 ## - TITLE STATEMENT |
| Title |
Human trafficking and regulating prostitution |
| 260 ## - PUBLICATION, DISTRIBUTION, ETC. (IMPRINT) |
| Place of publication, distribution, etc |
American Economic Journal: Economic Policy |
| 300 ## - PHYSICAL DESCRIPTION |
| Extent |
14(3), Aug, 2022: p.87-127 |
| 520 ## - SUMMARY, ETC. |
| Summary, etc |
Certain markets are illicit because part of the supply is coerced, but little is known about the optimal regulation of such markets. We model a prostitution market with voluntary and coerced prostitutes and ask what regulation can restore the benchmark outcome that would arise under laissez-faire absent coercion. Whereas current policies—decriminalization, criminalization of the buy or sell sides, and licensing—are ineffective against trafficking or harm voluntary suppliers, we show that an alternative policy can restore the benchmark outcome. Our results are relevant to the ongoing debate about decriminalizing prostitution and provide guidance for empirical work on prostitution regulation. – Reproduced |
| 650 ## - SUBJECT ADDED ENTRY--TOPICAL TERM |
| Topical term or geographic name as entry element |
Human trafficking, Prostitution, Trafficking |
| 9 (RLIN) |
34806 |
| 773 ## - HOST ITEM ENTRY |
| Main entry heading |
American Economic Journal: Economic Policy |
| 906 ## - LOCAL DATA ELEMENT F, LDF (RLIN) |
| Subject DIP |
HUMAN TRAFFIKING |
| 942 ## - ADDED ENTRY ELEMENTS (KOHA) |
| Item type |
Articles |